Statystyki dla Najlepsze Uczelnie Akademickie w Polsce

Kliknij tutaj aby rozwiązać quiz!

Ogólne statystyki

  • Ten quiz został rozwiązany 441 razy
  • Średni wynik to 5 z 10

Statystyki odpowiedzi

MiejsceWskaźnik RankingowyUczelnia% Poprawnych
1.99,6Uniwersytet Jagielloński
92%
1.100,0Uniwersytet Warszawski
92%
3.82,8Politechnika Warszawska
67%
4.81,6Uniwersytet im. Adama Mickiewicza w Poznaniu
53%
5.78,6Akademia Górniczo-Hutnicza im. Stanisława Staszica w Krakowie
52%
8.64,3Uniwersytet Wrocławski
51%
6.75,6Politechnika Wrocławska
49%
9.61,8Politechnika Gdańska
39%
9.61,3Politechnika Śląska
23%
7.66,1Gdański Uniwersytet Medyczny
9%

Rozkład punktacji

Percentyl według liczby udzielonych odpowiedzi

Procent ludzi z każdym wynikiem

Twoja historia wyników

Nie rozwiązałeś tego quizu